000 00567nam a2200193Ia 4500
003 GCL
008 140319s9999 xx 000 0 ara d
040 _aGCL /
_cGCL
082 0 4 _a891.7
_bغ م
100 1 _aغوغول، نيقولاى
245 1 0 _aالمفتش العام : قصص /
_cغوغول، نيقولاى
700 1 _aغائب طعمة فرمان (مترجم)
300 _a416 ص
490 _a
650 0 4 _aالادب
650 0 4 _aالادب الروسى المترجم
650 0 4 _aالمسرح الروسى المترجم
942 _2ddc
_cBK
999 _c46194
_d46194